[Event "Superbet Blitz 2023"]
[Site "Warsaw POL"]
[Date "2023.05.25"]
[Round "10.4"]
[White "Duda, Jan-Krzysztof"]
[Black "Rapport, Richard"]
[Result "1-0"]
[WhiteTitle "GM"]
[BlackTitle "GM"]
[WhiteElo "2724"]
[BlackElo "2745"]
[WhiteFideId "1170546"]
[BlackFideId "738590"]
[EventDate "2023.05.24"]

1. d4 Nf6 2. c4 c5 3. d5 e6 4. Nc3 exd5 5. cxd5 d6 6. Nf3 g6 7. Bf4 a6 8. a4 Bg7
9. h3 O-O 10. e3 Ne8 11. Be2 Nd7 12. O-O b6 13. Nd2 Ne5 14. Qc2 Bf5 15. e4 Bd7
16. Be3 f5 17. f4 Nf7 18. Bd3 fxe4 19. Ndxe4 Nc7 20. Ng3 Qh4 21. Nge2 b5 22.
axb5 axb5 23. Rxa8 Rxa8 24. f5 Ne5 25. fxg6 hxg6 26. Bxg6 b4 27. Ne4 b3 28. Qb1
Bxh3 29. gxh3 Qxh3 30. N4g3 Ng4 31. Rf2 Nxf2 32. Bxf2 Ra2 33. Bf5 Qh6 34. Qe4
Qf6 35. Be6+ Nxe6 36. dxe6 Qe5 37. Qg6 Ra1+ 38. Kg2 Ra7 39. Qe8+ Bf8 40. Kf3 Re7
41. Qg6+ Rg7 42. Qf5 Qxb2 43. Nh5 Qc2 44. Nf6+ Kh8 45. Qh5+ Rh7 46. Nxh7 Qxh7
47. Qe8 Qd3+ 48. Be3 Qf5+ 49. Bf4 b2 50. e7 Kg8 51. exf8=Q+ Qxf8 52. Qxf8+ Kxf8
53. Bxd6+ Kf7 54. Nc3 Ke6 55. Bxc5 Kd7 56. Nb1 Kc6 57. Ba3 Kb5 58. Ke3 Kc4 59.
Bxb2 Kd5 60. Nd2 Kc5 61. Ke4 Kd6 62. Bd4 Kc6 63. Ke5 Kc7 64. Kd5 Kb7 65. Nc4 Kc7
66. Nd6 Kb8 67. Kc6 Ka8 68. Nb5 Kb8 69. Nc7 Kc8 70. Ba7 Kd8 71. Nd5 Ke8 72. Kd6
Kf7 73. Ne7 Kf6 74. Be3 1-0

[Event "Superbet Blitz 2023"]
[Site "Warsaw POL"]
[Date "2023.05.25"]
[Round "10.5"]
[White "Aronian, Levon"]
[Black "Giri, Anish"]
[Result "1/2-1/2"]
[WhiteTitle "GM"]
[BlackTitle "GM"]
[WhiteElo "2745"]
[BlackElo "2768"]
[WhiteFideId "13300474"]
[BlackFideId "24116068"]
[EventDate "2023.05.24"]

1. d4 Nf6 2. Bf4 d5 3. e3 c5 4. Nf3 Nc6 5. Nbd2 Nh5 6. dxc5 Nxf4 7. exf4 g6 8.
c3 Bg7 9. Bb5 O-O 10. O-O d4 11. Bxc6 dxc3 12. Be4 cxd2 13. Qxd2 Qxd2 14. Nxd2
Bxb2 15. Rab1 Bc3 16. Nf3 a5 17. Bxb7 Bxb7 18. Rxb7 Rac8 19. Rxe7 Rxc5 20. Rb1
Bb4 21. Re2 Rfc8 22. g3 Rc2 23. Rb2 Rxb2 24. Rxb2 Rc3 25. Kg2 Kg7 26. h4 Be7 27.
Ne1 Bf6 28. Rc2 Ra3 29. Kf1 Ra4 30. Nd3 h5 31. Ke2 Re4+ 32. Kf3 Ra4 33. Ke3 Bd4+
34. Ke2 Ra3 35. Ne5 Bxe5 36. fxe5 Kf8 37. Kf1 Ke7 38. Kg2 Ke6 39. f4 Ke7 40. Rf2
Ke6 41. Rb2 Ke7 42. Rd2 Ke6 43. Rf2 Kf5 44. Kh3 Ke6 45. Rc2 Ke7 46. Rd2 Ra4 47.
Rf2 Ke6 48. Rd2 Ke7 49. Rf2 Ke6 50. Rd2 Ke7 1/2-1/2

[Event "Superbet Blitz 2023"]
[Site "Warsaw POL"]
[Date "2023.05.25"]
[Round "11.1"]
[White "Giri, Anish"]
[Black "Duda, Jan-Krzysztof"]
[Result "1-0"]
[WhiteTitle "GM"]
[BlackTitle "GM"]
[WhiteElo "2768"]
[BlackElo "2724"]
[WhiteFideId "24116068"]
[BlackFideId "1170546"]
[EventDate "2023.05.24"]

1. c4 Nf6 2. g3 c5 3. Bg2 Nc6 4. Nc3 g6 5. Nf3 Bg7 6. O-O O-O 7. d4 cxd4 8. Nxd4
Qa5 9. e3 d6 10. Bxc6 bxc6 11. Nxc6 Qc7 12. Nd5 Nxd5 13. cxd5 Bb7 14. Bd2 Bxc6
15. Rc1 Bxb2 16. Rxc6 Qd7 17. Qc2 Bf6 18. Bc3 Bxc3 19. Qxc3 Rfc8 20. Rc1 Rxc6
21. dxc6 Qc7 22. e4 Rb8 23. Qc4 Rb2 24. Rc2 Rb6 25. Kg2 e6 26. g4 Rb8 27. h4 Rd8
28. Qd4 e5 29. Qc4 Rc8 30. f3 Kg7 31. Qc3 Qe7 32. c7 Qxh4 33. Qc6 Qe7 34. Qb7
Qd7 35. Qxa7 Qb5 36. Qe3 Qa5 37. Qc1 h6 38. a3 Qa7 39. Kg3 Qa5 40. Rc4 Qa7 41.
a4 Qa5 42. Qc3 Qa7 43. Kg2 Kf6 44. a5 Ke7 45. Rc6 Kd7 46. a6 Rxc7 47. Rxc7+ Qxc7
48. Qb3 Kc6 49. Kg3 Qe7 50. Qb4 h5 51. gxh5 gxh5 52. Qa5 Qg5+ 53. Kf2 Qh4+ 54.
Kg2 Qg5+ 55. Kf2 Qh4+ 56. Ke2 Qh2+ 57. Kd3 Qf2 58. Qd5+ Kb6 59. Qb7+ Ka5 60. a7
Qxf3+ 61. Kc4 Qe2+ 62. Kd5 Qd3+ 63. Kc6 Qxe4+ 64. Kc7 1-0

[Event "Superbet Blitz 2023"]
[Site "Warsaw POL"]
[Date "2023.05.25"]
[Round "11.2"]
[White "Aronian, Levon"]
[Black "Shevchenko, Kirill"]
[Result "0-1"]
[WhiteTitle "GM"]
[BlackTitle "GM"]
[WhiteElo "2745"]
[BlackElo "2684"]
[WhiteFideId "13300474"]
[BlackFideId "14129574"]
[EventDate "2023.05.24"]

1. e4 c5 2. Nf3 Nc6 3. Bb5 g6 4. O-O Bg7 5. Re1 e5 6. Bxc6 dxc6 7. d3 Qe7 8. Be3
Nf6 9. h3 O-O 10. Nbd2 Ne8 11. a3 Nc7 12. c3 Rd8 13. Qc2 b6 14. b4 Ba6 15. Nc4
Bxc4 16. dxc4 Ne6 17. b5 cxb5 18. cxb5 c4 19. a4 Qc7 20. Red1 Nf4 21. Rxd8+ Rxd8
22. Rd1 Nd3 23. Ne1 Nxe1 24. Rxe1 Qd7 25. Bg5 f6 26. Be3 f5 27. Bg5 Qd3 28. Qa2
Rd7 29. Re3 Qd1+ 30. Kh2 h6 31. Qxc4+ Kh7 32. exf5 hxg5 33. fxg6+ Kxg6 34. Qe6+
Kh7 35. Qf5+ Kh8 36. Qxg5 Qd5 37. Rf3 e4 38. Rf5 Qd6+ 39. g3 Qe6 40. Kg2 e3 41.
Qh5+ Kg8 42. Qg4 e2 43. Rf8+ Kxf8 44. Qxe6 Re7 45. Qc8+ Kf7 46. Qf5+ Bf6 47.
Qh7+ Kf8 48. Qh6+ Bg7 49. Qf4+ Ke8 50. Qb8+ Kf7 51. Qf4+ Bf6 52. Qc4+ Re6 53.
Qc7+ Kg6 54. h4 0-1

[Event "Superbet Blitz 2023"]
[Site "Warsaw POL"]
[Date "2023.05.25"]
[Round "11.3"]
[White "Rapport, Richard"]
[Black "Vachier-Lagrave, Maxime"]
[Result "0-1"]
[WhiteTitle "GM"]
[BlackTitle "GM"]
[WhiteElo "2745"]
[BlackElo "2742"]
[WhiteFideId "738590"]
[BlackFideId "623539"]
[EventDate "2023.05.24"]

1. d4 Nf6 2. Bg5 d5 3. e3 c5 4. Bxf6 gxf6 5. Bb5+ Nc6 6. Ne2 e6 7. O-O Bd7 8. c4
a6 9. Bxc6 Bxc6 10. cxd5 Qxd5 11. Nf4 Qf5 12. dxc5 Rd8 13. Qh5 Qxc5 14. Nc3 Qxh5
15. Nxh5 Ke7 16. Ne2 Rg8 17. Nhg3 f5 18. Rac1 Bg7 19. Rc2 Bf6 20. f3 Rd3 21. Kf2
Rgd8 22. Rfc1 R8d7 23. Nf1 a5 24. Nc3 a4 25. a3 Rd8 26. Ke2 Be5 27. Rd2 Rxd2+
28. Nxd2 Bxh2 29. Rh1 Bd6 30. Rxh7 Rg8 31. Kf2 b5 32. Ne2 Bd5 33. Nd4 b4 34.
axb4 Bxb4 35. Nb1 f4 36. Rh4 fxe3+ 37. Kxe3 Bc5 38. Nc3 Bb3 39. Kd3 0-1

[Event "Superbet Blitz 2023"]
[Site "Warsaw POL"]
[Date "2023.05.25"]
[Round "11.5"]
[White "Wojtaszek, Radoslaw"]
[Black "Deac, Bogdan-Daniel"]
[Result "1/2-1/2"]
[WhiteTitle "GM"]
[BlackTitle "GM"]
[WhiteElo "2670"]
[BlackElo "2700"]
[WhiteFideId "1118358"]
[BlackFideId "1226380"]
[EventDate "2023.05.24"]

1. c4 Nf6 2. Nc3 e5 3. Nf3 Nc6 4. g3 d5 5. cxd5 Nxd5 6. Bg2 Bc5 7. O-O O-O 8.
Qc2 Nf6 9. a3 a5 10. e3 Bd6 11. b3 Re8 12. Bb2 h6 13. Nh4 Bf8 14. Rac1 Be6 15.
h3 Nd7 16. Na4 Nb6 17. Nf3 e4 18. Nd4 Nxd4 19. Bxd4 Nxa4 20. bxa4 Bd5 21. Qxc7
Bxa3 22. Qxd8 Rexd8 23. Rc2 Rac8 24. Rxc8 Rxc8 25. d3 f5 26. g4 g6 27. dxe4 Bxe4
28. gxf5 gxf5 29. Bxe4 fxe4 30. Bb6 Rc6 31. Bxa5 Ra6 32. Bc3 Rxa4 33. Rb1 Rc4
34. Rb3 Bc5 35. Ba5 Ra4 36. Rb5 Bd6 37. Bc3 Rc4 38. Bd4 Rc7 39. Rb6 Rd7 40. Rb5
Kf7 41. Kg2 Ke6 42. Rh5 Rh7 43. Kf1 Bc7 44. Ke2 Bd6 45. Rb5 Rc7 46. Rh5 Rh7 47.
Rb5 Rc7 48. Rh5 Rh7 1/2-1/2

[Event "Superbet Blitz 2023"]
[Site "Warsaw POL"]
[Date "2023.05.25"]
[Round "12.1"]
[White "Deac, Bogdan-Daniel"]
[Black "Carlsen, Magnus"]
[Result "1/2-1/2"]
[WhiteTitle "GM"]
[BlackTitle "GM"]
[WhiteElo "2700"]
[BlackElo "2853"]
[WhiteFideId "1226380"]
[BlackFideId "1503014"]
[EventDate "2023.05.24"]

1. d4 b5 2. e4 Bb7 3. Bxb5 Bxe4 4. Nf3 c6 5. Be2 e6 6. O-O Bxf3 7. Bxf3 d5 8. c4
Nd7 9. Re1 Ngf6 10. Nc3 Be7 11. c5 a5 12. a3 O-O 13. Rb1 Ne8 14. b4 axb4 15.
axb4 Nc7 16. b5 cxb5 17. Bf4 Bf6 18. Nxb5 Nxb5 19. Rxb5 Nb8 20. Rb6 Qc8 21. Be3
Nc6 22. Be2 Qc7 23. Bb5 Ne7 24. g3 Nf5 25. Bd3 Nxe3 26. fxe3 g6 27. Qe2 Ra3 28.
Reb1 Qa7 29. Kg2 Qa5 30. R6b5 Qc3 31. Rd1 Rfa8 32. Rb2 Bg5 33. Rc2 Qa5 34. c6
Rc8 35. e4 Ra4 36. exd5 exd5 37. Qe5 Qd8 38. Rf1 Ra7 39. h4 Bh6 40. Qf6 Bg7 41.
Qxd8+ Rxd8 42. Rd1 Rc7 43. Be2 Rd6 44. Bb5 h5 45. Re2 Bf6 46. Re8+ Kg7 47. Rb8
Re6 48. Rb7 Ree7 49. Rxc7 Rxc7 50. Rc1 Be7 51. Rb1 Bd6 52. Ra1 Rc8 53. Ra7 Rc7
54. Ra8 Kf6 55. Rd8 Ke7 56. Rd7+ Rxd7 57. cxd7 Bc7 58. Bc6 Kd6 59. Ba4 Ke6 60.
Bc6 Kd6 61. Ba4 Ke6 62. Bc6 1/2-1/2

[Event "Superbet Blitz 2023"]
[Site "Warsaw POL"]
[Date "2023.05.25"]
[Round "12.2"]
[White "So, Wesley"]
[Black "Rapport, Richard"]
[Result "1/2-1/2"]
[WhiteTitle "GM"]
[BlackTitle "GM"]
[WhiteElo "2760"]
[BlackElo "2745"]
[WhiteFideId "5202213"]
[BlackFideId "738590"]
[EventDate "2023.05.24"]

1. d4 Nf6 2. c4 c5 3. d5 e6 4. Nc3 exd5 5. cxd5 d6 6. e4 g6 7. Nf3 a6 8. a4 Bg4
9. Be2 Bxf3 10. Bxf3 Bg7 11. O-O Nbd7 12. Be2 O-O 13. Qc2 Re8 14. Rb1 Qc7 15. b3
Rab8 16. Re1 Ne5 17. Bb2 c4 18. Bf1 b5 19. axb5 axb5 20. bxc4 bxc4 21. Ba3 Nfd7
22. Rxb8 Rxb8 23. Rb1 Rxb1 24. Qxb1 Nf3+ 25. gxf3 Bxc3 26. Qc1 Qa5 27. Bxd6 Be5
28. Be7 c3 29. Bg5 Bd4 30. Qc2 Ne5 31. Kg2 Qb4 32. Bc1 Qe7 33. Qd1 Qc5 34. Qc2
Qe7 35. Qd1 Bc5 36. f4 Qh4 37. fxe5 Qxf2+ 38. Kh3 Be3 39. d6 c2 40. Qe2 Qxe2 41.
Bxe2 Bxc1 42. Bd3 Bf4 43. Bxc2 Bxe5 44. d7 Bc7 45. e5 Kf8 46. e6 fxe6 47. Kg4
Bd8 48. h4 h5+ 49. Kh3 Kf7 50. Bd3 Kf6 51. Bc2 g5 52. hxg5+ Kxg5 53. Bb3 e5 54.
Bc2 Kf4 55. Bg6 e4 56. Bxh5 Ke5 57. Be2 Kd6 58. Bg4 e3 59. Kh2 e2 60. Bxe2 Kxd7 1/2-1/2

[Event "Superbet Blitz 2023"]
[Site "Warsaw POL"]
[Date "2023.05.25"]
[Round "12.3"]
[White "Shevchenko, Kirill"]
[Black "Wojtaszek, Radoslaw"]
[Result "1-0"]
[WhiteTitle "GM"]
[BlackTitle "GM"]
[WhiteElo "2684"]
[BlackElo "2670"]
[WhiteFideId "14129574"]
[BlackFideId "1118358"]
[EventDate "2023.05.24"]

1. e4 e5 2. Nf3 Nc6 3. Bb5 a6 4. Ba4 Nf6 5. Nc3 Be7 6. d3 b5 7. Bb3 d6 8. a3 O-O
9. h3 Be6 10. Nd5 Re8 11. O-O Qd7 12. Bd2 Bxd5 13. exd5 Nd4 14. Nxd4 exd4 15.
Qf3 Bf8 16. a4 h6 17. Qf4 Re2 18. Rfd1 Rae8 19. axb5 axb5 20. Qxd4 Qf5 21. Qf4
Qh5 22. Qd4 R8e5 23. Bf4 Re8 24. Rf1 Nd7 25. c4 Qg6 26. Bd1 R2e7 27. cxb5 Ne5
28. Bxe5 Rxe5 29. Bf3 Be7 30. Rac1 Bd8 31. Be4 Qh5 32. Bf3 Qg6 33. Kh1 h5 34.
Be4 f5 35. Bf3 h4 36. Qc3 Qg5 37. d4 R5e7 38. Rce1 Rxe1 39. Rxe1 Rxe1+ 40. Qxe1
Bf6 41. Qc3 Qf4 42. Qxc7 Bxd4 43. b6 Be5 44. Kg1 Qb4 45. Be2 Bd4 46. Qc8+ Kh7
47. Qxf5+ g6 48. Qf7+ Kh6 49. Qf4+ Kg7 50. b7 Qe1+ 51. Bf1 Be5 52. Qxe5+ 1-0

[Event "Superbet Blitz 2023"]
[Site "Warsaw POL"]
[Date "2023.05.25"]
[Round "12.4"]
[White "Vachier-Lagrave, Maxime"]
[Black "Giri, Anish"]
[Result "1-0"]
[WhiteTitle "GM"]
[BlackTitle "GM"]
[WhiteElo "2742"]
[BlackElo "2768"]
[WhiteFideId "623539"]
[BlackFideId "24116068"]
[EventDate "2023.05.24"]

1. e4 c5 2. Nf3 d6 3. d4 cxd4 4. Nxd4 Nf6 5. Nc3 a6 6. Bd3 e5 7. Nde2 Nc6 8. Nd5
Nxd5 9. exd5 Nb4 10. Bc4 Bf5 11. Bb3 a5 12. Ng3 Bd7 13. c3 a4 14. Bc4 b5 15. Be2
Na6 16. O-O Be7 17. f4 exf4 18. Nh5 Qb6+ 19. Kh1 g6 20. Nxf4 O-O 21. Qd3 Nc5 22.
Qd4 Qd8 23. Nd3 Nxd3 24. Bxd3 f5 25. Bf4 Rf7 26. Rae1 Bf8 27. Re3 Rb8 28. Re2
Qb6 29. Qb4 Qc7 30. Rfe1 Rb7 31. Re6 Rb6 32. Be3 Rb8 33. Bg5 Qc5 34. Qxc5 dxc5
35. Ra6 c4 36. Bc2 f4 37. d6 Bf5 38. Bd1 Rd7 39. Bxf4 Rbd8 40. Bf3 Bxd6 41. Bg5
Rb8 42. Bc6 Rdd8 43. Bxd8 Rxd8 44. Bxb5 1-0

[Event "Superbet Blitz 2023"]
[Site "Warsaw POL"]
[Date "2023.05.25"]
[Round "12.5"]
[White "Duda, Jan-Krzysztof"]
[Black "Aronian, Levon"]
[Result "0-1"]
[WhiteTitle "GM"]
[BlackTitle "GM"]
[WhiteElo "2724"]
[BlackElo "2745"]
[WhiteFideId "1170546"]
[BlackFideId "13300474"]
[EventDate "2023.05.24"]

1. d4 Nf6 2. Bg5 d5 3. e3 c5 4. Bxf6 gxf6 5. dxc5 Nc6 6. Nf3 e6 7. c4 dxc4 8.
Nbd2 c3 9. bxc3 Bxc5 10. Rb1 O-O 11. Qa4 Kh8 12. Be2 f5 13. O-O Qf6 14. Nd4 Ne5
15. f4 Ng6 16. Bf3 Rb8 17. g3 e5 18. fxe5 Nxe5 19. Qb5 b6 20. Qe2 Be6 21. Be4
Qg5 22. Bxf5 Bxa2 23. Ne4 Bc4 24. Qd2 Qe7 25. Rf4 Rbd8 26. Qg2 Be6 27. Rbf1 Bxf5
28. Nxf5 Qe6 29. Nd4 Qh6 30. Kh1 Ng6 31. R4f3 Ne5 32. Nf5 Qc6 33. Rf4 Ng6 34.
Rg4 Rde8 35. Nh6 Ne5 36. Rh4 Ng6 37. Rg4 Ne5 38. Rf6 Qd5 39. Rh4 Ng6 40. Rg4 Ne5
41. Rg5 Qd1+ 42. Rf1 Qd5 43. Nf6 Qxg2+ 44. Kxg2 Re6 45. e4 Be7 46. Rgf5 Bxf6 47.
Rxf6 Kg7 48. Rxe6 fxe6 49. Rxf8 Kxf8 50. g4 a5 0-1

[Event "Superbet Blitz 2023"]
[Site "Warsaw POL"]
[Date "2023.05.25"]
[Round "13.1"]
[White "Aronian, Levon"]
[Black "Vachier-Lagrave, Maxime"]
[Result "0-1"]
[WhiteTitle "GM"]
[BlackTitle "GM"]
[WhiteElo "2745"]
[BlackElo "2742"]
[WhiteFideId "13300474"]
[BlackFideId "623539"]
[EventDate "2023.05.24"]

1. e4 c5 2. Nf3 d6 3. Be2 Nf6 4. Nc3 e5 5. Bc4 Be7 6. d3 Nc6 7. Bg5 Be6 8. Bxf6
Bxf6 9. Nd5 O-O 10. a3 Bg5 11. Nxg5 Qxg5 12. Ne3 Rad8 13. O-O Bc8 14. Kh1 Kh8
15. c3 f5 16. exf5 Ne7 17. Be6 Nxf5 18. Bxc8 Rxc8 19. Nxf5 Rxf5 20. Qa4 Qe7 21.
Qxa7 Rcf8 22. b4 Rxf2 23. Kg1 Qf7 0-1

[Event "Superbet Blitz 2023"]
[Site "Warsaw POL"]
[Date "2023.05.25"]
[Round "13.2"]
[White "Giri, Anish"]
[Black "So, Wesley"]
[Result "0-1"]
[WhiteTitle "GM"]
[BlackTitle "GM"]
[WhiteElo "2768"]
[BlackElo "2760"]
[WhiteFideId "24116068"]
[BlackFideId "5202213"]
[EventDate "2023.05.24"]

1. e4 e5 2. Nf3 Nc6 3. Bc4 Nf6 4. d3 h6 5. O-O Bc5 6. c3 d6 7. Re1 O-O 8. Nbd2
a6 9. Nf1 Ba7 10. Ng3 Na5 11. Bb3 Nxb3 12. axb3 Re8 13. h3 d5 14. exd5 Qxd5 15.
Be3 Bd7 16. b4 Bc6 17. Bxa7 Rxa7 18. Re3 Raa8 19. Qe2 Re6 20. Re1 Rae8 21. c4
Qd6 22. Nxe5 Qxb4 23. Nf5 Be4 24. dxe4 Rxe5 25. Qf3 Kh7 26. b3 a5 27. Qf4 Qb6
28. Kh1 Ng8 29. Qg4 Qg6 30. Qe2 Nf6 31. Nh4 Qh5 32. Qxh5 Rxh5 33. Nf3 Rc5 34. e5
Nd7 35. e6 fxe6 36. Rxe6 Rxe6 37. Rxe6 a4 38. bxa4 Rxc4 39. a5 Nc5 40. Re7 Nd3
41. Re2 Ra4 42. Rd2 Nc5 43. g4 Rxa5 44. Kg2 b5 45. Rd5 b4 46. Nd2 Nb3 47. Rxa5
Nxa5 48. Kf3 c5 49. Ke3 c4 50. Ne4 g5 51. Kd4 c3 52. Kd3 Kg6 53. Ng3 Nc6 54. Nf5
Ne5+ 55. Kc2 h5 56. Ne7+ Kf7 57. Nd5 Nxg4 58. hxg4 h4 59. Ne3 h3 60. Nf1 Ke6 61.
Kd3 Ke5 62. Nh2 Kf4 63. Kc2 Ke4 64. Kb3 Kd3 65. f4 c2 66. Kb2 Kd2 67. Nf1+ Kd1
68. Ne3+ Ke2 69. fxg5 h2 70. Nf5 Kd2 0-1

[Event "Superbet Blitz 2023"]
[Site "Warsaw POL"]
[Date "2023.05.25"]
[Round "13.3"]
[White "Rapport, Richard"]
[Black "Deac, Bogdan-Daniel"]
[Result "1-0"]
[WhiteTitle "GM"]
[BlackTitle "GM"]
[WhiteElo "2745"]
[BlackElo "2700"]
[WhiteFideId "738590"]
[BlackFideId "1226380"]
[EventDate "2023.05.24"]

1. d4 d5 2. c4 e6 3. Nc3 Be7 4. cxd5 exd5 5. Bf4 c6 6. Qc2 Nd7 7. e3 Nf8 8. Bd3
g6 9. Nf3 Ne6 10. Be5 Nf6 11. h4 Ng7 12. O-O-O O-O 13. Bxf6 Bxf6 14. h5 Nxh5 15.
Rxh5 gxh5 16. Bxh7+ Kg7 17. Bf5 Bxf5 18. Qxf5 Qc8 19. Qd3 Qg4 20. Ne2 Rfe8 21.
Ng3 h4 22. Nf5+ Kf8 23. Ne5 Qg5 24. f4 1-0

[Event "Superbet Blitz 2023"]
[Site "Warsaw POL"]
[Date "2023.05.25"]
[Round "13.4"]
[White "Duda, Jan-Krzysztof"]
[Black "Shevchenko, Kirill"]
[Result "1-0"]
[WhiteTitle "GM"]
[BlackTitle "GM"]
[WhiteElo "2724"]
[BlackElo "2684"]
[WhiteFideId "1170546"]
[BlackFideId "14129574"]
[EventDate "2023.05.24"]

1. d4 Nf6 2. Nf3 g6 3. Bf4 Bg7 4. e3 b6 5. Be2 Bb7 6. h3 O-O 7. O-O d6 8. Bh2
Nbd7 9. a4 a6 10. Nbd2 Ne4 11. Nxe4 Bxe4 12. Nd2 Bb7 13. c3 Nf6 14. Bd3 Qc8 15.
Qe2 Re8 16. f4 c5 17. f5 cxd4 18. exd4 Qc6 19. Rf2 Bh6 20. Bf4 g5 21. Be3 Kh8
22. Bc4 Rf8 23. h4 Rg8 24. Bxf7 Rg7 25. Be6 Rf8 26. Nf3 Ng4 27. d5 Qe8 28. hxg5
Nxe3 29. gxh6 Rg4 30. Qxe3 Rf6 31. Rd1 Qh5 32. Rd4 Rxh6 33. Qxh6 Qxh6 34. Rxg4
Qc1+ 35. Kh2 h6 36. Nd4 Qe3 37. Rf3 Qe5+ 38. Rfg3 h5 39. Rg8+ Kh7 40. Nf3 1-0

[Event "Superbet Blitz 2023"]
[Site "Warsaw POL"]
[Date "2023.05.25"]
[Round "14.1"]
[White "Wojtaszek, Radoslaw"]
[Black "Rapport, Richard"]
[Result "0-1"]
[WhiteTitle "GM"]
[BlackTitle "GM"]
[WhiteElo "2670"]
[BlackElo "2745"]
[WhiteFideId "1118358"]
[BlackFideId "738590"]
[EventDate "2023.05.24"]

1. d4 Nf6 2. c4 c5 3. d5 e6 4. Nc3 exd5 5. cxd5 d6 6. e4 g6 7. f4 Bg7 8. Bb5+
Nfd7 9. Nf3 a6 10. Bd3 b5 11. O-O O-O 12. a3 Re8 13. Kh1 Ra7 14. Bd2 Nf6 15. f5
b4 16. axb4 cxb4 17. Nb5 Rae7 18. Nxd6 Qxd6 19. e5 Rxe5 20. Nxe5 Qxe5 21. Re1
Qxd5 22. Rxe8+ Nxe8 23. Qe2 Nd6 24. fxg6 hxg6 25. Bxb4 Be6 26. Rd1 Nc6 27. Bxg6
Qc4 28. Bh7+ Kxh7 29. Qh5+ Kg8 30. Bxd6 Bxb2 31. Qg5+ Bg7 32. Bf8 Qg4 33. Qxg7+
Qxg7 34. Bxg7 Kxg7 35. Rd6 Nb4 36. Rb6 a5 37. Rb5 Nc6 38. Rc5 Bd7 39. Rc4 Kf6
40. Kg1 Ne5 41. Rc5 a4 42. Ra5 Nc4 43. Ra6+ Ke5 44. h4 a3 45. h5 Be6 46. Kf2 Kf6
47. g4 Kg5 48. Kg3 Bxg4 49. h6 Bf5 50. Ra4 Nd6 51. Rxa3 Bg6 52. Ra6 Nf5+ 53. Kf3
Nxh6 54. Ra5+ f5 55. Rb5 Bh5+ 56. Kg3 Ng4 57. Ra5 Nf6 58. Re5 Ne4+ 59. Kg2 Kg4
60. Ra5 f4 61. Ra3 Bf7 62. Rd3 Ng5 63. Rd4 Bg6 64. Kf2 Be4 65. Ra4 Nh3+ 66. Kf1
Bf3 67. Ra7 Kg3 68. Ra3 Ng5 69. Ra7 Bg4 70. Ra5 Ne4 71. Ra2 f3 72. Rb2 Bh3+ 73.
Kg1 Be6 74. Rg2+ Kf4 75. Rb2 Ke3 76. Kf1 Bc4+ 77. Ke1 Kf4 78. Rc2 Bd3 79. Ra2
Kg3 80. Rb2 f2+ 0-1

[Event "Superbet Blitz 2023"]
[Site "Warsaw POL"]
[Date "2023.05.25"]
[Round "14.2"]
[White "Deac, Bogdan-Daniel"]
[Black "Giri, Anish"]
[Result "0-1"]
[WhiteTitle "GM"]
[BlackTitle "GM"]
[WhiteElo "2700"]
[BlackElo "2768"]
[WhiteFideId "1226380"]
[BlackFideId "24116068"]
[EventDate "2023.05.24"]

1. d4 d5 2. Nf3 Nf6 3. e3 Bf5 4. Bd3 Bg6 5. Ne5 Bxd3 6. cxd3 Nbd7 7. Qb3 Rb8 8.
Nd2 e6 9. Ndf3 Be7 10. Bd2 O-O 11. Rc1 c5 12. Bc3 cxd4 13. Bxd4 Qa5+ 14. Ke2 Bd6
15. Rc2 Nxe5 16. Nxe5 Qd8 17. f4 a6 18. Rhc1 Qe7 19. Bc5 Nd7 20. Bxd6 Qxd6 21.
Nxd7 Qxd7 22. Qb6 h6 23. Kf2 Rfc8 24. Rc7 Rxc7 25. Qxc7 Qe8 26. a4 Rd8 27. a5
Rd7 28. Qc8 Rd8 29. Qxb7 Rb8 30. Qxa6 Rxb2+ 31. Kg3 Kh7 32. Qc6 Qd8 33. a6 Qf6
34. Rc2 Qg6+ 35. Kf2 Rb1 36. Rc1 Rb2+ 37. Rc2 Rb1 38. Qc3 Qh5 39. e4 Qh4+ 40.
Ke3 Qxh2 41. Qd2 Ra1 42. exd5 Rxa6 43. Qf2 exd5 44. f5 Qe5+ 45. Kd2 d4 46. Qf3
Ra1 47. Qf2 Rb1 48. g4 f6 49. Rc4 Qa5+ 0-1

[Event "Superbet Blitz 2023"]
[Site "Warsaw POL"]
[Date "2023.05.25"]
[Round "14.3"]
[White "So, Wesley"]
[Black "Aronian, Levon"]
[Result "1/2-1/2"]
[WhiteTitle "GM"]
[BlackTitle "GM"]
[WhiteElo "2760"]
[BlackElo "2745"]
[WhiteFideId "5202213"]
[BlackFideId "13300474"]
[EventDate "2023.05.24"]

1. d4 Nf6 2. c4 e6 3. Nc3 Bb4 4. Qc2 O-O 5. e4 d5 6. e5 Ne4 7. Bd3 c5 8. Nf3
cxd4 9. Nxd4 Nd7 10. Bf4 Qh4 11. g3 Qh5 12. O-O Bxc3 13. bxc3 g5 14. cxd5 exd5
15. Be3 Nxe5 16. f3 Nxd3 17. Qxd3 Nd6 18. g4 Qg6 19. Qxg6+ fxg6 20. Bxg5 Rf7 21.
Rae1 Bd7 22. Re5 Nb5 23. Nxb5 Bxb5 24. Rf2 Bc6 25. Be3 d4 26. Bxd4 Bxf3 27. h3
a6 28. a3 Bc6 29. Bc5 Rxf2 30. Kxf2 Re8 31. Rxe8+ Bxe8 32. g5 Kf7 33. Ke3 Ke6
34. Kd2 Kf5 35. h4 Kg4 36. Bf2 Kf3 37. Ke1 Bf7 38. Bd4 Kg3 39. Bf2+ Kf3 40. Bd4
Kg3 41. Bf2+ Kf3 1/2-1/2

[Event "Superbet Blitz 2023"]
[Site "Warsaw POL"]
[Date "2023.05.25"]
[Round "14.4"]
[White "Vachier-Lagrave, Maxime"]
[Black "Duda, Jan-Krzysztof"]
[Result "1-0"]
[WhiteTitle "GM"]
[BlackTitle "GM"]
[WhiteElo "2742"]
[BlackElo "2724"]
[WhiteFideId "623539"]
[BlackFideId "1170546"]
[EventDate "2023.05.24"]

1. e4 c6 2. d4 d5 3. e5 Bf5 4. h4 h5 5. c4 e6 6. Nc3 dxc4 7. Bxc4 Nd7 8. Nge2
Nb6 9. Bb3 Ne7 10. Bg5 Qd7 11. Ng3 Bg6 12. O-O Nf5 13. Nxf5 Bxf5 14. Qd2 Be7 15.
Rad1 f6 16. exf6 gxf6 17. Bf4 Nd5 18. Nxd5 exd5 19. Rde1 Kf7 20. Re3 a5 21. a3
a4 22. Rfe1 Rhe8 23. Bd1 Bg6 24. Bc2 f5 25. g3 b5 26. Be5 Kg8 27. Rf3 Kh7 28.
Qf4 Rf8 29. Rfe3 Rf7 30. Qf3 Rg8 31. Kh2 Bf8 32. Bf4 Bg7 33. Bg5 Rgf8 34. Re7
Qc8 35. Qf4 Kg8 36. Qd6 Rxe7 37. Bxe7 Qe8 38. Re3 Bxd4 39. Bxf8 Bxe3 40. fxe3
Qxe3 41. Qxg6+ Kxf8 42. Qxf5+ Ke8 43. Qxh5+ Kd7 44. Qf5+ Ke8 45. h5 Qd2+ 46. Kh3
Qc1 47. Kg4 d4 48. Qe6+ Kd8 49. Qd6+ 1-0

[Event "Superbet Blitz 2023"]
[Site "Warsaw POL"]
[Date "2023.05.25"]
[Round "15.1"]
[White "Duda, Jan-Krzysztof"]
[Black "So, Wesley"]
[Result "1-0"]
[WhiteTitle "GM"]
[BlackTitle "GM"]
[WhiteElo "2724"]
[BlackElo "2760"]
[WhiteFideId "1170546"]
[BlackFideId "5202213"]
[EventDate "2023.05.24"]

1. e4 e5 2. Nf3 Nc6 3. Bb5 Nf6 4. d3 Bc5 5. Bxc6 dxc6 6. O-O Qd6 7. c3 Bg4 8. h3
Bxf3 9. Qxf3 O-O-O 10. Rd1 Qe6 11. b4 Be7 12. Nd2 h5 13. Nc4 g6 14. a4 Nd7 15.
Be3 Kb8 16. b5 Nb6 17. bxc6 Nxc4 18. dxc4 Rxd1+ 19. Rxd1 Rd8 20. Rxd8+ Bxd8 21.
Qd1 Be7 22. cxb7 Kxb7 23. Qd5+ Qxd5 24. cxd5 Ka6 25. Kf1 f5 26. f3 fxe4 27. fxe4
Ka5 28. Bxa7 Kxa4 29. Ke2 Kb5 30. Kd3 Bc5 31. c4+ Kb4 32. Bxc5+ Kxc5 33. h4 Kb4
34. g3 Ka5 35. c5 Kb5 36. c6 Kc5 37. Kc3 Kb5 38. Kb3 1-0